| 000 | 00455nam a2200181Ia 4500 | ||
|---|---|---|---|
| 001 | 7663 | ||
| 005 | 20260306160511.0 | ||
| 008 | 260306t2008||||xx |||||||||||||| ||spa|| | ||
| 041 | _aESP | ||
| 082 |
_a353.6 _bS13 |
||
| 100 |
_aSaco, Alexandro _eAUT |
||
| 245 | 0 | _aBuscando salud para consolidar la democracia y superar la pobreza | |
| 260 | _c2008 | ||
| 300 |
_a162 páginas : _c24 cm. |
||
| 650 | _aGEN | ||
| 654 | _aCAN | ||
| 942 |
_cLIB _dJUS _fJUS _2ddc _n |
||
| 999 |
_c7663 _d7663 |
||